00334nam a2200145Ia 4500008004100000020001500041041001200056082001100068100001500079245003700094260002500131300000800156650001100164700001300175221030s9999 xx 000 0 und d a0074636820 aEnglish a105.23 aG. Kennedy 0aElectronic Communication Systems bTMHaNew Delhic2006 a763 aBB ECE aB. Davis